[Event "Sautron op 14th"]
[Site "Sautron"]
[Date "2014.10.26"]
[Round "2"]
[White "Delorme, Alban"]
[Black "Dumitrache, Dragos Nicolae"]
[Result "1/2-1/2"]
[WhiteElo "2317"]
[BlackElo "2413"]
[Annotator "RR"]
[PlyCount "127"]
[EventDate "2014.10.26"]
[EventType "swiss"]
[EventRounds "9"]
[EventCountry "FRA"]
[SourceTitle "EXT 2015"]
[Source "ChessBase"]
[SourceDate "2014.11.20"]
[SourceVersion "1"]
[SourceVersionDate "2014.11.20"]
[SourceQuality "1"]
[TimeControl "40/5400+30:1800+30"]

1. e4 d6 {[%emt 0:02:56]} 2. d4 {[%emt 0:00:19]} Nf6 {[%emt 0:00:04]} 3. Nc3 {
[%emt 0:00:12]} e5 {[%emt 0:00:05]} 4. Nf3 {[%emt 0:00:11]} Nbd7 {[%emt 0:00:
04]} 5. Bc4 {[%emt 0:00:16]} Be7 {[%emt 0:00:05]} 6. O-O {[%emt 0:01:18]} O-O {
[%emt 0:00:05]} 7. a4 {[%emt 0:00:36]} c6 {[%emt 0:00:13]} 8. Re1 {[%emt 0:00:
11]} a5 {[%emt 0:00:15]} 9. h3 {[%emt 0:00:28]} (9. b3) (9. Ba2) 9... Nb6 {
[%emt 0:01:07]} (9... h6 10. Be3 Re8 11. d5 Nf8 12. Nd2 Ng6 13. Bf1 Rb8 14. Ba7
Ra8 15. Be3 Rb8 16. Nc4 c5 17. Bd2 Rf8 18. Ra3 b6 19. Nb5 Ne8 20. Rb3 Rb7 21.
Nba3 Bh4 22. Nxb6 Rxb6 23. Bxa5 f5 24. Bxb6 Qg5 25. Nc4 fxe4 26. g3 Nf4 27. Nd2
Nf6 28. Nxe4 Nxe4 29. Rxe4 Bxh3 30. Rxf4 exf4 31. Bxh3 fxg3 32. f3 g2 33. Qe2
Rf4 34. Ba5 Rxa4 35. Be6+ Kh7 36. Qd3+ {1-0 (36) Kasimdzhanov,R (2706)
-Andreikin,D (2722) Baku 2014}) (9... exd4 10. Nxd4) 10. Bd3 {[%emt 0:00:08]}
Nfd7 {[%emt 0:02:02]} 11. Be3 $14 {[%emt 0:07:45][%csl Rb6]} exd4 {[%emt 0:04:
13]} 12. Bxd4 {[%emt 0:05:19]} Bf6 {[%emt 0:02:22]} 13. e5 $5 $146 {[%emt 0:11:
31]} (13. Bf1 Re8 14. b3 Ne5 15. Nxe5 dxe5 16. Be3 Nd7 17. Qf3 Qe7 18. Rad1 Nc5
19. Bc4 Ne6 20. Bxe6 Bxe6 21. Bb6 Bg5 22. Rd3 Qb4 23. Be3 Bxe3 24. Qxe3 Red8
25. Red1 Rxd3 26. Rxd3 h6 27. Kh2 Kh7 28. Na2 Qe7 29. Qb6 Ra6 30. Qe3 b6 31.
Nc3 Qc7 32. Kg1 Ra8 33. Qd2 Rb8 34. Qe3 Kg8 35. Kh2 Qe7 36. Rd1 Kf8 37. Rd3 Qc5
38. Qxc5+ bxc5 39. Nd1 c4 40. bxc4 Rb4 41. Ne3 Ke7 42. Rb3 Rxa4 {Vega
Gutierrez,B (2180)-Strikovic,A (2529) Las Palmas 2013 0-1 (74)}) 13... dxe5 {
[%emt 0:21:11]} 14. Nxe5 {[%emt 0:00:52]} Nxe5 {[%emt 0:00:46]} 15. Bxe5 {
[%emt 0:01:28]} Bxe5 {[%emt 0:00:15]} 16. Qh5 {[%emt 0:02:45]} h6 {[%emt 0:18:
57]} 17. Qxe5 $32 {[%emt 0:01:00][%csl Ra8,Rb6,Rc8][%cal Ga1d1]} Nd7 {[%emt 0:
00:07]} 18. Qe7 $6 {[%emt 0:15:38] Une décision bizarre avec une telle avance
de développement} (18. Qe3 $142 Nf6 19. Rad1 $36 {[%cal Gd1d8,Gd3h7]}) 18...
Qxe7 {[%emt 0:00:29]} 19. Rxe7 {[%emt 0:00:03]} Nc5 $1 {[%emt 0:00:06]} 20. Bc4
{[%emt 0:03:12]} Be6 $11 {[%emt 0:00:09]} 21. Bxe6 {[%emt 0:00:52]} fxe6 {
[%emt 0:00:04]} 22. Re1 {[%emt 0:01:14]} Rad8 {[%emt 0:08:53]} 23. Ne4 {
[%emt 0:00:22]} Nxe4 {[%emt 0:00:46]} 24. Rxe4 {[%emt 0:00:49]} Rd1+ {[%emt 0:
06:07]} 25. Kh2 {[%emt 0:00:01]} Rxf2 {[%emt 0:00:08]} 26. Rxb7 {[%emt 0:00:19]
} Rdd2 $44 {[%emt 0:00:21]} 27. Rg4 {[%emt 0:00:42]} g5 {[%emt 0:00:05]} 28. b4
$1 {[%emt 0:01:55]} (28. h4) 28... axb4 {[%emt 0:04:28]} 29. a5 {[%emt 0:00:28]
} Rxc2 {[%emt 0:00:41]} 30. a6 {[%emt 0:01:05]} Ra2 {[%emt 0:00:06]} 31. a7 $40
{[%emt 0:07:03][%csl Ga7,Gb7,Rg4] Le Pa7 est monstrueux mais les Blancs ont du
mal à activer la Rg4 bloquée en défense.} c5 {[%emt 0:06:22]} 32. Rc7 $6 {
[%emt 0:08:07]} (32. Rg3 c4 33. Rb8+ Kg7 34. a8=Q Rxa8 35. Rxa8 c3 36. Rc8)
32... b3 {[%emt 0:04:55]} 33. Rc8+ {[%emt 0:02:05]} Rf8 {[%emt 0:00:35]} 34.
Rxc5 {[%emt 0:00:17]} Rxa7 $15 {[%emt 0:01:24]} 35. Rb4 {[%emt 0:00:21]} Rf2 {
[%emt 0:00:51]} 36. Rxb3 {[%emt 0:05:09]} Kf7 {[%emt 0:00:17]} 37. Rf3+ $1 {
[%emt 0:05:38] Les Blancs ont des meilleures chances de nulle après
l'échange d'une R} Rxf3 {[%emt 0:00:05]} 38. gxf3 {[%emt 0:00:01]} Kf6 {
[%emt 0:00:51]} (38... Ra4 39. Rc7+ Kf6) 39. Rc4 {[%emt 0:05:28]} Kf5 {[%emt 0:
00:36]} 40. h4 $1 {[%emt 0:00:00]} Rg7 {[%emt 0:00:00]} 41. Kh3 {[%emt 0:07:20]
} h5 {[%emt 0:05:52]} 42. hxg5 {[%emt 0:02:39] le P supplémentaire des Noirs
sera difficile à valoriser} Rxg5 {[%emt 0:00:39]} 43. Kh4 {[%emt 0:01:16]} Rg1
{[%emt 0:00:52]} 44. Rc8 {[%emt 0:00:41]} Rh1+ {[%emt 0:06:32]} 45. Kg3 {
[%emt 0:00:37]} h4+ {[%emt 0:00:13]} 46. Kg2 {[%emt 0:00:12]} Ra1 {[%emt 0:00:
41]} 47. Rf8+ {[%emt 0:01:28]} Ke5 {[%emt 0:00:04]} 48. Rh8 {[%emt 0:00:43]}
Ra2+ {[%emt 0:01:32]} 49. Kh3 {[%emt 0:00:32]} Ra1 {[%emt 0:03:09]} 50. Kg2 {
[%emt 0:02:49]} Ra4 {[%emt 0:00:05]} 51. Rh5+ {[%emt 0:00:44]} Kf6 {[%emt 0:00:
05]} 52. Rh8 {[%emt 0:05:16]} Rf4 {[%emt 0:01:47]} 53. Rf8+ {[%emt 0:00:56]}
Ke5 {[%emt 0:00:13]} 54. Rh8 {[%emt 0:01:09]} Kd4 {[%emt 0:02:04]} 55. Kf2 {
[%emt 0:01:26]} e5 {[%emt 0:00:40]} 56. Rd8+ {[%emt 0:03:06]} Kc5 {[%emt 0:00:
21]} 57. Kg2 {[%emt 0:00:47]} h3+ {[%emt 0:02:41]} 58. Kg3 {[%emt 0:00:32]} h2
{[%emt 0:00:07]} 59. Rh8 {[%emt 0:05:00]} Kd4 {[%emt 0:01:43]} 60. Rh5 {
[%emt 0:00:30]} Rf5 {[%emt 0:00:48]} 61. Rh4+ {[%emt 0:01:07]} Kd3 {[%emt 0:00:
26]} 62. Kg2 {[%emt 0:03:07]} h1=Q+ {[%emt 0:00:49]} 63. Rxh1 {[%emt 0:00:21]}
Ke2 {[%emt 0:00:12]} 64. Rh3 {[%emt 0:01:21]} 1/2-1/2

[Event "POL-chT 66th"]
[Site "Katowice"]
[Date "2010.09.09"]
[Round "6"]
[White "Chojnacki, Krzysztof"]
[Black "Cyborowski, Lukasz"]
[Result "1/2-1/2"]
[WhiteElo "2431"]
[BlackElo "2531"]
[Annotator "RR"]
[PlyCount "70"]
[EventDate "2010.09.04"]
[EventType "team-tourn"]
[EventRounds "9"]
[EventCountry "POL"]
[SourceTitle "EXT 2016"]
[Source "ChessBase"]
[SourceDate "2015.10.08"]
[SourceVersion "1"]
[SourceVersionDate "2015.10.08"]
[SourceQuality "1"]
[WhiteTeam "Poznan Pocztowiec"]
[BlackTeam "Dankowice"]
[WhiteTeamCountry "POL"]
[BlackTeamCountry "POL"]

1. e4 d6 2. d4 Nf6 3. Nc3 e5 4. Nf3 Nbd7 5. Bc4 Be7 6. O-O O-O 7. Re1 c6 8. a4
b6 9. d5 cxd5 10. Nxd5 Bb7 11. b3 Rc8 12. Re2 Nxd5 (12... Nc5 13. Nxf6+ Bxf6
14. Bd5 Qd7 15. Ba3 Bxd5 16. Qxd5 Rfd8 17. Re3 Ne6 18. c4 Bg5 19. Ree1 Nf4 20.
Qd1 Qg4 21. g3 Ne6 22. Nxg5 Qxg5 23. Bc1 Qg6 24. Be3 Nc5 25. a5 bxa5 26. Rxa5
Nxe4 27. Bxa7 h5 28. Qd3 f5 29. b4 Qe6 30. Rc1 d5 {1/2-1/2 (30) Alekseev,E 
(2688)-Mchedlishvili,M (2629) Tashkent 2011}) 13. Bxd5 Ba6 14. c4 Nf6 15. Ba3
Qc7 16. Qd2 Rcd8 17. Bb4 Nxd5 18. exd5 Bc8 19. a5 $146 (19. h3 Bf5 20. Rae1 h6
21. Rd1 Bf6 22. Qe3 Rfe8 23. Rde1 Bg6 24. Ra2 Qb8 25. Kh1 Kh8 26. Rae2 Qc7 27.
Kh2 Kg8 28. Kg1 Kh8 29. Rd1 Kg8 30. Ba3 Qb8 31. Rde1 Qc7 32. Ra2 Qb8 33. Nd2
Bg5 34. Qg3 a6 35. Bb4 Qb7 36. h4 Bf4 37. Qf3 h5 38. Ne4 Bxe4 39. Qxe4 g6 40.
Rae2 Bh6 41. Qd3 a5 42. Ba3 Qd7 43. g3 f5 44. f3 Kh7 45. Qc2 Rf8 46. Rg2 Rde8
47. Qd3 Rd8 48. Qb1 Rf7 {Comp Brutus-Cyborowski,L (2550) Lippstadt 2003 1/2-1/2
}) 19... Bg4 20. axb6 axb6 21. Qe3 Ra8 22. Rea2 Rxa2 23. Rxa2 Bxf3 24. Qxf3 b5
$1 {[%csl Ra2,Rg1][%cal Gc7c1]} 25. Qd3 bxc4 26. Qxc4 (26. bxc4 Rc8 27. Rc2 (
27. h3 h6 (27... Qxc4 28. Qxc4 Rxc4 29. Ra8+ Bf8 30. Bxd6)) 27... Qb6) 26...
Qxc4 27. bxc4 Rc8 28. g3 g6 29. Ra6 Rxc4 30. Bxd6 Bxd6 31. Rxd6 Rd4 32. Rd7 Kf8
33. d6 Ke8 34. Re7+ Kf8 35. Rxe5 Rxd6 1/2-1/2

[Event "Rohde op 07th"]
[Site "Sautron"]
[Date "2007.10.29"]
[Round "4"]
[White "Edouard, Romain"]
[Black "Koziak, Vitali"]
[Result "1/2-1/2"]
[WhiteElo "2472"]
[BlackElo "2437"]
[Annotator "RR"]
[PlyCount "77"]
[EventDate "2007.10.27"]
[EventType "swiss"]
[EventRounds "9"]
[EventCountry "FRA"]
[SourceTitle "EXT 2008"]
[Source "ChessBase"]
[SourceDate "2007.11.25"]
[SourceVersion "1"]
[SourceVersionDate "2007.11.25"]
[SourceQuality "1"]

1. e4 d6 2. d4 Nf6 3. Nc3 e5 4. Nf3 Nbd7 5. Bc4 Be7 6. O-O O-O 7. Re1 (7. a4 $5
c6 8. a5 $14) 7... c6 8. a4 a5 (8... b6 9. d5 $5 {[%csl Gc6]} cxd5 10. Nxd5 Bb7
11. b3 Rc8 12. Re2 $5 {[%cal Ge2c2]} Nxd5 13. Bxd5 Bxd5 14. Qxd5 $14) 9. h3 Re8
({RR} 9... Nb6 10. Bb3 Nfd7 11. Be3 exd4 12. Nxd4 Nc5 13. Qf3 Nxb3 14. cxb3 Nd7
15. Rad1 Ne5 16. Qe2 Bd7 17. f4 Ng6 18. Nf5 Bxf5 19. exf5 Nh4 20. Bf2 Nxf5 21.
g4 Nh4 22. Qxe7 Nf3+ 23. Kf1 Nxe1 24. Qxd8 {Rublevsky,S (2667)-Bologan,V (2645)
/Tomsk 2006/CBM 113 ext/1/2-1/2 (57)}) (9... exd4 10. Nxd4) 10. Be3 (10. Ba2 {
La ligne principale} h6 {[%csl Rf5,Rg6]} 11. Be3 Qc7 12. Nh4 $1 {[%csl Gf5]} (
12. Qd2) (12. Nd2)) 10... Bf8 $6 $146 ({RR} 10... h6 {RR} 11. dxe5 dxe5 12. Qe2
Bb4 13. Red1 Qe7 14. Nh4 Nf8 15. Qf3 Bc5 16. Rd2 Bxe3 17. Qxe3 Qb4 18. b3 Be6
19. Bxe6 Nxe6 20. Nf5 Red8 21. Rad1 Rxd2 22. Rxd2 Kf8 23. Kh2 Qc5 24. Qg3 Ne8
25. Rd7 Rd8 {Arakhamia Grant,K (2485)-Pedersen,S (2420)/Oakham 1994/EXT 2000/1/
2-1/2 (38)}) ({RR} 10... Qc7 11. Qb1 exd4 12. Bxd4 Ne5 13. Bxe5 dxe5 14. Na2
Rb8 15. Nc1 b5 16. Bb3 Nd7 17. Qa2 Rf8 18. Nd3 bxa4 19. Bc4 a3 20. bxa3 Bd6 21.
a4 Nc5 22. Nxc5 Bxc5 23. c3 Qe7 24. Rab1 Rxb1 25. Rxb1 {Zaitsev,I (2445)
-Rashkovsky,N (2530)/Moscow 1992/CBM 033/1/2-1/2}) 11. Ng5 $36 {[%csl Rf7]} Re7
12. f4 $1 {[%cal Ge1f1,Gf1f7]} exf4 13. Nxf7 Rxf7 14. Bxf7+ Kxf7 15. Bxf4 Kg8
16. e5 Ne8 17. e6 (17. Qh5) (17. Ne4 $5 {[%csl Gg5,Rh7][%cal Ge4g5,Gd1h5]})
17... Ndf6 18. d5 Be7 (18... Nc7 {[%cal Gc6d5]}) 19. Qf3 cxd5 20. Nxd5 Nxd5 21.
Qxd5 Qb6+ 22. Kh1 Qc5 (22... Qxb2) 23. Qf3 Nf6 24. Rad1 {[%csl Gd5]} Ra6 25.
Rd3 Rc6 26. Rc3 Qd5 27. Rxc6 Qxc6 28. Qxc6 bxc6 29. Bd2 d5 30. Bxa5 Ne4 31. Bb6
{[%cal Ga4a8]} Bf6 32. a5 (32. c3 Bxe6) 32... Kf8 33. c4 Bxb2 34. cxd5 cxd5 35.
Rd1 Bb7 36. Rb1 Be5 37. Bd4 Bxd4 38. Rxb7 Ng3+ 39. Kh2 1/2-1/2

[Event "Bundesliga 1112"]
[Site "Germany"]
[Date "2011.11.20"]
[Round "5.7"]
[White "Paehtz, Elisabeth"]
[Black "Glek, Igor Vladimirovich"]
[Result "1-0"]
[WhiteElo "2461"]
[BlackElo "2408"]
[Annotator "RR"]
[PlyCount "119"]
[EventDate "2011.10.14"]
[EventType "team-tourn"]
[EventRounds "15"]
[EventCountry "GER"]
[SourceTitle "CBM 146"]
[Source "ChessBase"]
[SourceDate "2012.01.18"]
[SourceVersion "1"]
[SourceVersionDate "2012.01.18"]
[SourceQuality "1"]
[WhiteTeam "Hockenheim"]
[BlackTeam "Katernberg"]
[WhiteTeamCountry "GER"]
[BlackTeamCountry "GER"]

1. e4 d6 2. d4 Nf6 3. Nc3 e5 4. Nf3 Nbd7 5. Bc4 Be7 6. O-O O-O 7. Re1 a6 8. a4
b6 9. h3 Bb7 10. d5 Ne8 11. Bf1 g6 12. Bh6 Ng7 13. Qd2 f5 14. exf5 gxf5 15. Ng5
Bxg5 16. Bxg5 Qe8 17. f4 Qg6 18. Be2 Kh8 19. fxe5 dxe5 20. Be7 Rg8 21. Qg5 Qf7
22. Qh4 Ne8 23. Rf1 Rg7 24. Ba3 Qg6 25. Rf2 Nef6 26. Rd1 Re8 27. Kh2 e4 28. g3
Reg8 29. Rg1 Bxd5 30. b3 Be6 31. Qf4 h5 32. Bb2 Kh7 33. Bxa6 Qf7 34. Be2 Rg6
35. Rfg2 Rh6 36. Bc1 Rgg6 37. Rf1 Qg7 38. Qxc7 Ne8 39. Bxh6 Rxh6 40. Qd8 Nef6
41. Nd1 Ne5 42. Ne3 $2 (42. Qxb6 Bc4 43. Qf2) 42... Nfg4+ $18 43. hxg4 hxg4+
44. Kg1 Nf3+ 45. Kf2 f4 46. gxf4 Rh3 47. Rg3 Rxg3 48. Kxg3 Qh6 49. Rxf3 Qh3+
50. Kf2 gxf3 51. Qe7+ Kh8 52. Qf6+ Kh7 53. Bf1 Qh2+ 54. Ke1 Qg3+ 55. Kd1 Qf2
56. Qd4 Bf7 57. Qxe4+ Bg6 58. f5 Bh5 59. f6+ Kh8 60. Qa8+ 1-0

[Event "Bundesliga 1112"]
[Site "Germany"]
[Date "2011.11.19"]
[Round "4.7"]
[White "Burg, Twan"]
[Black "Handke, Florian"]
[Result "1-0"]
[WhiteElo "2462"]
[BlackElo "2518"]
[Annotator "RR"]
[PlyCount "59"]
[EventDate "2011.10.14"]
[EventType "team-tourn"]
[EventRounds "15"]
[EventCountry "GER"]
[SourceTitle "CBM 146"]
[Source "ChessBase"]
[SourceDate "2012.01.18"]
[SourceVersion "1"]
[SourceVersionDate "2012.01.18"]
[SourceQuality "1"]
[WhiteTeam "Emsdetten Turm"]
[BlackTeam "Wattenscheid"]
[WhiteTeamCountry "GER"]
[BlackTeamCountry "GER"]

1. e4 d6 2. d4 Nf6 3. Nc3 e5 4. Nf3 Nbd7 5. Bc4 Be7 6. O-O O-O 7. a4 c6 8. Re1
a5 9. b3 Nb6 10. Bf1 exd4 11. Nxd4 d5 12. e5 Ne8 13. Nce2 g6 14. Nf4 Ng7 15.
Bb2 Be6 16. Qf3 Qc7 17. Qg3 Bc5 18. Bd3 Nd7 19. h4 Qb6 20. Nf3 Rfe8 21. h5 Nf8
22. h6 Nf5 23. Bxf5 Bxf5 24. e6 fxe6 25. Nd3 e5 26. Nxc5 Qxc5 27. Rxe5 Qxc2 $2
(27... Nd7 28. Rxe8+ Rxe8 $16) 28. Rae1 Be4 $2 (28... Qxb2 29. Rxe8 Rxe8) 29.
Ba1 Qc5 30. R1xe4 $1 1-0

[Event "EU-ch 12th"]
[Site "Aix les Bains"]
[Date "2011.03.30"]
[Round "8"]
[White "Kabanov, Nikolai"]
[Black "Stanciu, Alexandru Ovidiu"]
[Result "1-0"]
[WhiteElo "2524"]
[BlackElo "2308"]
[Annotator "Reeh,O"]
[PlyCount "73"]
[EventDate "2011.03.22"]
[EventType "swiss"]
[EventRounds "11"]
[EventCountry "FRA"]
[SourceTitle "CBM 142 Extra"]
[Source "ChessBase"]
[SourceDate "2011.06.27"]
[SourceVersion "1"]
[SourceVersionDate "2011.06.27"]
[SourceQuality "1"]

{[%mdl 32768]} 1. e4 d6 2. d4 Nf6 3. Nc3 e5 4. Nf3 Nbd7 5. Bc4 Be7 6. O-O O-O
7. a4 c6 8. Re1 a5 9. Ba2 Qb6 10. h3 exd4 11. Nxd4 Nc5 12. Qf3 Qb4 13. Nb3 Nfd7
14. Bd2 Nxb3 15. Bxb3 Nc5 16. Nd5 Qxd2 17. Nxe7+ Kh8 18. Rad1 Qb4 19. Re3 Be6
20. Nf5 Bxf5 21. Qxf5 Rae8 22. Rxd6 $1 {Cold-blooded. Kaltblütig.} Nxb3 (22...
Nxe4 23. Rd7 {gives White a clear edge. gibt Weiß ein klares Plus.}) {[%tqu
"En","How can White save his Rd6?","","","d6h6","....and the mate threat on h7
forces 23...g6 (...gxh6?? 24.Qf6+ Kg8 25.Rg3++) 24.Qf6+ followed by 25.Rxb3
and White is fine.",10,"De","Wie kann Weiß seinen Rd6 retten?","","","d6h6","..
..und die Mattdrohung auf h7 erzwingt 23...g6 (...gxh6 24.Qf6+ Kg8 25.Rg3++)
24.Qf6+ nebst 25.Rxb3 und Weiß ist aller Sorgen ledig.",10]} 23. Rh6 $1 {
The mate threat on h7 saves the white rook with tempo. Die Mattdrohung auf h7
rettet den weißen Turm mit Tempo.} g6 (23... gxh6 $4 24. Qf6+ Kg8 25. Rg3#) 24.
Qf6+ Kg8 25. Rxb3 Qxe4 26. Rxb7 Qe2 $2 ({With Mit} 26... Qxa4 {Black could
have restored the material balance hätte Schwarz das materielle Gleichgewicht
wiederherstellen können}) ({while the quickest way to draw would have been und
der schnellste Weg zum Remis war} 26... Qe1+ 27. Kh2 Re2 28. Kg3 Re3+ $1 29.
Kh2 Re2 {with a repetition of moves. mit Zugwiederholung.}) 27. Rh4 $1 Re6 (
27... Qxc2 {still seemed okay, e.g. schien noch immer okay, z.B.} 28. Rf4 Re4 {
, and now und nun scheitert} 29. Rxf7 $2 (29. Rf3 Re6) {fails to an} 29... Qc1+
30. Kh2 Qxf4+) 28. Qf4 Qd1+ 29. Kh2 Qd5 30. Qh6 Qe5+ 31. g3 Qg7 32. Qxg7+ Kxg7
33. Rc4 Rf6 34. Kg2 Rd8 35. Rc3 Rd4 36. b3 h5 37. Rb6 ({37.Rb6? Rd2!=;
possibly 37.Rb6? Rd2!=; womöglich wurde} 37. Rf3 $1 {was played. gespielt.})
1-0

[Event "Dortmunder Schachtage-B 18th"]
[Site "Dortmund"]
[Date "1990.04.06"]
[Round "2"]
[White "Lazic, Miroljub"]
[Black "Stein, Bernd"]
[Result "1-0"]
[WhiteElo "2495"]
[BlackElo "2415"]
[Annotator "Ribli,Z"]
[PlyCount "49"]
[EventDate "1990.04.05"]
[EventType "tourn"]
[EventRounds "11"]
[EventCountry "GER"]
[EventCategory "9"]
[SourceTitle "CBM 018"]
[Source "ChessBase"]
[SourceDate "1990.10.01"]
[SourceVersion "1"]
[SourceVersionDate "1990.10.01"]
[SourceQuality "1"]

1. Nf3 Nf6 2. g3 d6 3. d4 c6 4. a4 $5 a5 5. Bg2 Nbd7 6. Nc3 e5 7. e4 Be7 8. O-O
O-O 9. h3 Re8 10. Re1 Qc7 11. Be3 Bf8 12. Qd2 Qb8 {12...b6 /\ Bb7} 13. Nh2 b5
14. axb5 cxb5 15. Nd5 {>< a5} Nxd5 {15...b4 16.c3!} 16. exd5 b4 17. c3 e4 18.
c4 $1 a4 19. Bf4 f5 20. b3 $1 a3 21. Nf1 h6 22. h4 Qb6 23. Ne3 Nf6 24. Nc2 $1 {
>< b4} Rb8 25. Qd1 {/\ Bd2 >< b4 >< a3} 1-0

[Event "Capablanca Memorial Elite 31st"]
[Site "Cienfuegos"]
[Date "1996.??.??"]
[Round "8"]
[White "Rodriguez Cespedes, Amador"]
[Black "Conquest, Stuart"]
[Result "1/2-1/2"]
[WhiteElo "2485"]
[BlackElo "2540"]
[Annotator "Rodriguez,Am"]
[PlyCount "100"]
[EventDate "1996.05.??"]
[EventType "tourn"]
[EventRounds "13"]
[EventCountry "CUB"]
[EventCategory "12"]
[SourceTitle "CBM 054"]
[Source "ChessBase"]
[SourceDate "1996.10.01"]
[SourceVersion "1"]
[SourceVersionDate "1996.10.01"]
[SourceQuality "1"]

1. e4 e5 2. Nf3 d6 3. d4 exd4 4. Nxd4 Nf6 5. Nc3 Be7 6. Bf4 O-O 7. Qd2 c6 8.
O-O-O b5 (8... d5 9. exd5 Nxd5 10. Nxd5 Qxd5 11. Kb1 a5 12. Be2 $1 a4 (12...
Qxg2 $6 13. Rhg1 $36) 13. Bf3 $14 Qc5 (13... Qc4 14. Rhe1 Bc5 15. Re4 Qa6 16.
Bh6 Bxd4 17. Rxd4 gxh6 18. Qxh6 Bf5 19. Rd8 Nd7 20. Qg5+ Bg6 21. R8xd7 $16 {
Brustman-Chiburdanidze/Novi Sad olw (12) 1990 1/2-1/2(70)}) 14. Rhe1 Bf6 15.
Be3 Rd8 $2 16. Nxc6 $3 Rxd2 17. Bxc5 Rxd1+ 18. Bxd1 $1 $18 {+/- Leko,P-Barbero,
G/Magyarorszag 62/(333) 1994}) 9. f3 b4 10. Nce2 $6 {Played a tempo and soon
facing an unpleasant surprise. Consulting my database later on I learnt that
10.Nb1 is correct and promising.} (10. Nb1 $1 Qb6 11. g4 d5 (11... Rd8 12. h4
c5 13. Nf5 Bxf5 14. gxf5 Nc6 15. Qg2 Nd4 16. Bh6 Ne8 17. Bg5 Nf6 18. Nd2 Qb7
19. Bd3 Kh8 20. Rdg1 Rg8 21. f4 $16 {Lanka,Z-Bosboom/Amsterdam DON open (04)
1994 1-0 (35)}) 12. e5 Ne8 13. Nf5 (13. h4 Nc7 14. Nf5 Bc5 15. Bd3 Nd7 16. Bh6
Nxe5 17. Nxg7 Kh8 18. Nh5 Ne8 19. Qg5 Nxf3 20. Bg7+ Kg8 21. Bxh7+ Kxh7 22. Qh6+
Kg8 23. Qh8# {1-0 Hyldkrog-Jensen/cr 1984}) 13... Bc5 14. Re1 a5 15. h4 Na6 16.
h5 Nac7 17. Bg5 f6 18. exf6 Nxf6 19. Nxg7 Kxg7 20. Bh6+ Kh8 21. Bxf8 Bxf8 22.
Qf4 Nd7 23. g5 c5 24. Qf7 c4 25. Bh3 Qd4 26. h6 Bd6 27. Bf5 Nf8 28. Rh4 {
1-0 Poulsen-Jensen/cr 1984}) 10... c5 $1 $146 11. Nf5 (11. Nb5 $2 Qa5 12. Na3
Nc6 (12... Qa4)) (11. Nb3 $5 c4 12. Nbd4 Qa5 13. Kb1 $13) 11... Bxf5 12. exf5
Nc6 $2 (12... d5 $1 13. g4 d4 $15) 13. g4 Qa5 14. Kb1 Ne5 15. Ng3 $1 $16 Nfd7 (
15... Nxf3 16. Qg2 (16. Qe2 Ne5 17. Bxe5 (17. g5 Nfd7 18. Bg2 $44) 17... dxe5
18. g5 Ne8 19. f6 gxf6 20. Nf5 $40) 16... Nh4 (16... Ne5 17. g5) 17. Qh3 Ne8
18. g5 $16) 16. Bxe5 $1 Nxe5 (16... dxe5 17. Qxd7 $1 Rad8 18. Bc4 Rxd7 19. Rxd7
{with a promising position in return for the queen sacrifice}) 17. f4 $1 Nc6
18. g5 Nd4 19. Bc4 $16 d5 20. Bxd5 Rad8 21. Qg2 Bd6 22. f6 $1 (22. g6 {was
also possible of course but the text is more energetic}) 22... Qc7 (22... g6
23. h4 $1 Bxf4 24. h5 $1 {and Black can win material but he cannot stop the
attack}) 23. g6 $5 {Still playing for the attack but it was very simple to
take on g7 and win in a few moves.} (23. fxg7 $1 $18 Kxg7 (23... Rfe8 24. Nh5
Re2 25. Nf6+ Kxg7 26. Qh3 h5 27. Nxh5+ Kf8 28. Ng3) 24. Nh5+ Kh8 25. Nf6 Be7
26. Qh3 Bxf6 27. Be4) 23... hxg6 24. Nh5 (24. Rxd4 {my original idea when I
played 23.g6} cxd4 25. Nf5 Rc8 $1 26. Rc1 d3) (24. Ne4 $5 {As suggested by
Conquest was still strong enough} Ne6 $8 25. Bxe6 fxe6 26. Qxg6 (26. Ng5 $1)
26... Bxf4 27. fxg7 Rxd1+ (27... Rf7 28. Nf6+) 28. Rxd1 Qxg7 29. Qxe6+ Kh8 30.
Nxc5) 24... Kh7 25. fxg7 Rfe8 26. g8=Q+ Rxg8 27. Nf6+ Kg7 28. Nxg8 Rxg8 29. h4
Bxf4 30. Rdf1 (30. h5 g5 31. h6+ Kh8) 30... Rf8 31. Qg4 (31. h5 g5) 31... Bh6
32. Rhg1 (32. h5 g5 33. Be4 $5) 32... Qd6 33. Bc4 f5 34. Qg2 Re8 35. h5 g5 36.
c3 $4 {A crazy move in time trouble, I saw that any knight move loses
immediately, but the black knight can stay right where it is!} (36. Qb7+ $18
Kh8 (36... Re7 37. Qc8 Re3 38. Qg8+ Kf6 39. Re1) (36... Qe7 37. Qa6) 37. Qxa7)
36... bxc3 37. bxc3 Rb8+ (37... Qb6+ $5 38. Qb2 (38. Ka1 $2 Re2 $1) 38... Rb8
39. Bb3 $13) 38. Ka1 g4 (38... Qg3 39. Qd2) 39. Rd1 $2 (39. Rb1 $1 $16) 39...
Qg3 {an unexpected blow, fortunately White has a saving move available.} (39...
Be3 $1 {was very dangerous /\} 40. Rge1 Qg3 $1) 40. Bd3 Qe5 41. Rb1 $1 Rxb1+ (
41... Rd8 $5 42. Bc4 Be3 43. Rgd1) 42. Kxb1 Ne6 43. Qb7+ (43. Kc2 $5 $16) 43...
Kf6 44. Qh7 (44. Rf1 Nf4) 44... Qb8+ $1 {again an unexpected resource!} 45. Kc2
(45. Ka1 $4 Bd2 $1 $19) 45... Qh2+ 46. Kb3 c4+ $1 (46... Qxg1 $2 47. Qxh6+ {
when the passed pawn on h5 becomes inmediately dangerous}) 47. Bxc4 (47. Kxc4
Qxa2+) 47... Qb8+ 48. Kc2 (48. Ka4 Nc5+ 49. Ka3 Bf8 $3 50. Qf7+ Ke5 (50... Kg5
51. Qg6+ Kf4 52. Rf1+ Kg3 53. Rxf5 (53. Qxf5 Nd7+ 54. Ka4 Nb6+) 53... Nd3+ 54.
Rxf8 Qb2+ 55. Ka4 Nc5+ 56. Ka5 Nb7+) 51. Qd5+ (51. Re1+ Ne4+ (51... Kf4 52. Re8
) 52. Ka4 Qd6) 51... Kf6) 48... Qh2+ 49. Kb3 Qb8+ 50. Kc2 Qh2+ 1/2-1/2